000 00448nam a2200193Ia 4500
008 210210b2011 xxu||||| |||| 00| 0 eng d
020 _a9781851686674
041 _aeng
082 _a150.1953 ADLU
100 _aADLER (Alfred)
245 _aUnderstanding human nature
260 _aEngland
_bOneworld
_c2011
300 _a239
650 _aUnderstanding
650 _anature
650 _ahuman
690 _aPsychology
906 _a066203
999 _c146632
_d146632